| 000 | 00337nam a22001097a 4500 | ||
|---|---|---|---|
| 008 | 230912b |||||||| |||| 00| 0 eng d | ||
| 022 | _a0013-5194 | ||
| 040 |
_aNational Science Library _cNational Science Library |
||
| 245 | _aElectronics letters | ||
| 260 |
_aScotland: _bThe Institution of Engineering and Technology |
||
| 942 |
_cCR _2udc |
||
| 999 |
_c60611 _d60611 |
||